Hành vi lệch chuẩn của học sinh trung học phổ thông hiện nay và những vấn đề đặt ra trong môn giáo dục công dân đối với sự phát triển nhân cách của học sinh trung học phổ thông /
Enregistré dans:
| Auteur principal: | |
|---|---|
| Format: | Article |
| Langue: | Vietnamese |
| Sujets: | |
| Tags: |
Ajouter un tag
Pas de tags, Soyez le premier à ajouter un tag!
|
| Thư viện lưu trữ: | Thư viện Trường Đại học Đà Lạt |
|---|
| LEADER | 00969nam a2200265 4500 | ||
|---|---|---|---|
| 001 | DLU180187769 | ||
| 005 | ##20181011 | ||
| 040 | # | # | |a DLU |b vie |
| 041 | # | # | |a vie |
| 044 | # | # | |a vn |
| 100 | # | # | |a Vũ Thị Lan Anh. |
| 245 | # | # | |a Hành vi lệch chuẩn của học sinh trung học phổ thông hiện nay và những vấn đề đặt ra trong môn giáo dục công dân đối với sự phát triển nhân cách của học sinh trung học phổ thông / |c Vũ Thị Lan Anh. |
| 653 | # | # | |a Hành vi lệch chuẩn |
| 653 | # | # | |a Môn giáo dục công dân |
| 653 | # | # | |a Phát triển nhân cách |
| 773 | # | # | |t Tạp chí dạy và học ngày nay |g Số 07, 2017, tr. 46-48 |
| 920 | # | # | |a Phòng Tạp chí -- Trung tâm Thông tin - Thư viện Trường Đại học Đà Lạt |
| 994 | # | # | |a DLU |
| 900 | # | # | |a True |
| 911 | # | # | |a Trần Thị Minh Hương |
| 925 | # | # | |a G |
| 926 | # | # | |a A |
| 927 | # | # | |a BB |
| 980 | # | # | |a Thư viện Trường Đại học Đà Lạt |